DEGRADÁCIA NOVINOVÉHO PAPIERA - VPLYV SVETLA

Bibliographic Details
Main Author: Bukovský, Vladimír, 1946- (Author)
Format: Article
Language:Slovak

MARC

LEADER 00000naa a2200000uu 4500
001 vtls010948523
003 SK-MaSNL
005 20260302125237.0
008 210902|1999 xo |||||||||||||||||slo|
015 |a SNBRA 
035 |a (urnnbn)urn:nbn:sk:snk:ar-a0bhq3 
035 |a (uuid)880f0900-f2c8-4395-90cd-9ec1b8eb26a1 
035 |a urn:nbn:sk:snk-aau9tb 
040 |a SNKBUCL  |b slo  |c SNKBUCL  |e AACR2 
041 0 |a slo 
044 |a xo  |c SK 
100 1 |a Bukovský, Vladimír,  |d 1946-  |4 aut  |9 216675 
245 1 0 |a DEGRADÁCIA NOVINOVÉHO PAPIERA - VPLYV SVETLA  |c Vladimír Bukovský 
773 0 |t 51. zjazd chemických spoločností  |d V Bratislave : Slovenská technická univerzita, 1999  |g S. [32]-[35]  |z 8022712507 
958 |a OND 
958 |a article11 
958 |a chapter 
999 |c 1292607  |d 1294537